|
|
|
|
| LEADER |
02806nam a2200685 4500 |
| 001 |
ocn915159426 |
| 003 |
OCoLC |
| 005 |
20170124072036.2 |
| 006 |
m o d |
| 007 |
cr ||||||||||| |
| 008 |
150729s2016 nju o 001 0 eng |
| 010 |
|
|
|a 2015029735
|
| 040 |
|
|
|a DLC
|b eng
|e rda
|c DLC
|d YDX
|d OCLCF
|d N$T
|d YDXCP
|d IDEBK
|d DG1
|d CDX
|d TEFOD
|d UMI
|d OCLCO
|d DEBSZ
|d DEBBG
|d GrThAP
|
| 019 |
|
|
|a 928997875
|a 953526346
|a 965356244
|a 966257523
|
| 020 |
|
|
|a 9781119176466
|q electronic bk.
|
| 020 |
|
|
|a 1119176468
|q electronic bk.
|
| 020 |
|
|
|a 9781118916414
|q electronic bk.
|
| 020 |
|
|
|a 1118916417
|q electronic bk.
|
| 020 |
|
|
|a 9781118916421
|q electronic bk.
|
| 020 |
|
|
|a 1118916425
|q electronic bk.
|
| 020 |
|
|
|z 9781118916407 (cloth)
|
| 020 |
|
|
|z 1118916409
|
| 029 |
1 |
|
|a GBVCP
|b 843753552
|
| 029 |
1 |
|
|a DEBSZ
|b 473872757
|
| 029 |
1 |
|
|a DEBBG
|b BV043738024
|
| 035 |
|
|
|a (OCoLC)915159426
|z (OCoLC)928997875
|z (OCoLC)953526346
|z (OCoLC)965356244
|z (OCoLC)966257523
|
| 037 |
|
|
|a 850059
|b MIL
|
| 037 |
|
|
|a 45301195-D972-4E9B-B7E0-E99A208468CA
|b OverDrive, Inc.
|n http://www.overdrive.com
|
| 042 |
|
|
|a pcc
|
| 050 |
0 |
0 |
|a HD62.5
|
| 072 |
|
7 |
|a BUS
|x 082000
|2 bisacsh
|
| 072 |
|
7 |
|a BUS
|x 041000
|2 bisacsh
|
| 072 |
|
7 |
|a BUS
|x 042000
|2 bisacsh
|
| 072 |
|
7 |
|a BUS
|x 085000
|2 bisacsh
|
| 082 |
0 |
0 |
|a 658.4/063
|2 23
|
| 049 |
|
|
|a MAIN
|
| 100 |
1 |
|
|a Flamholtz, Eric G.,
|e author.
|
| 245 |
1 |
0 |
|a Growing pains :
|b building sustainably successful organizations /
|c Eric G. Flamholtz and Yvonne Randle.
|
| 250 |
|
|
|a Fifth edition.
|
| 264 |
|
1 |
|a Hoboken, New Jersey :
|b John Wiley & Sons, Inc.,
|c [2016]
|
| 300 |
|
|
|a 1 online resource.
|
| 336 |
|
|
|a text
|2 rdacontent
|
| 337 |
|
|
|a computer
|2 rdamedia
|
| 338 |
|
|
|a online resource
|2 rdacarrier
|
| 500 |
|
|
|a Includes index.
|
| 588 |
|
|
|a Description based on print version record and CIP data provided by publisher; resource not viewed.
|
| 504 |
|
|
|a Includes bibliographical references and index.
|
| 650 |
|
0 |
|a New business enterprises
|x Management.
|
| 650 |
|
0 |
|a Organizational change.
|
| 650 |
|
7 |
|a New business enterprises
|x Management.
|2 fast
|0 (OCoLC)fst01036850
|
| 650 |
|
7 |
|a Organizational change.
|2 fast
|0 (OCoLC)fst01047828
|
| 650 |
|
7 |
|a BUSINESS & ECONOMICS / Industrial Management
|2 bisacsh
|
| 650 |
|
7 |
|a BUSINESS & ECONOMICS / Management
|2 bisacsh
|
| 650 |
|
7 |
|a BUSINESS & ECONOMICS / Management Science
|2 bisacsh
|
| 650 |
|
7 |
|a BUSINESS & ECONOMICS / Organizational Behavior
|2 bisacsh
|
| 655 |
|
4 |
|a Electronic books.
|
| 700 |
1 |
|
|a Randle, Yvonne,
|e author.
|
| 776 |
0 |
8 |
|i Print version:
|a Flamholtz, Eric G., author.
|t Growing pains
|b Fifth edition.
|d Hoboken, New Jersey : John Wiley & Sons, Inc., [2016]
|z 9781118916407
|w (DLC) 2015025337
|
| 856 |
4 |
0 |
|u https://doi.org/10.1002/9781119176466
|z Full Text via HEAL-Link
|
| 994 |
|
|
|a 92
|b DG1
|